• 首页
  • 本馆介绍
  • 公告通知
  • 最新文献
  • 馆藏检索
  • 电子资源
  • 读者导购
  • 参考咨询
  • 我的图书馆
  • 登录
  • 详细信息显示
  • 放入我的书架
  • 预约/预借图书
  • 作者相关作品
  • 分类相关作品
  • 丛书相关作品
  • 出版社相关作品

书目信息

  • 表格格式
  • 工作单格式
  • 卡片格式
题名:
信息技术基础
    
 
作者: 申艳光 主编
分册:  
出版信息: 西安   西安电子科技大学出版社  2003.08
页数: 387页
开本: 24cm
丛书名:
单 册:
中图分类: TP3-05
科图分类:
主题词: 计算技术 , 电子计算机
电子资源:
ISBN: 7-5609-1157-5
000 00600nam0 2200193 450
001 202410161009097901
005 20241115093930.51
010    @a7-5609-1157-5@d¥29.00
100    @a20241016d km y0chiy0120 ea
101 0  @achi
200 1  @a信息技术基础@AXin Xi Ji Shu Ji Chu@f申艳光主编@FShen Yan Guang Zhu Bian
210    @a西安@c西安电子科技大学出版社@d2003.08
215    @a387页@d24cm
606 0  @a计算技术
606 0  @a电子计算机
690    @aTP3-05@v4
701  0 @a申艳光@AShen Yan Guang@4主编
801  0 @aCN@b大连网信软件有限公司图书馆·11@c20241115
905    @aZUCC@b7201361@dTP3-05@e1456@f1
    
    信息技术基础/申艳光主编.-西安:西安电子科技大学出版社,2003.08
    387页;24cm
    
    
    ISBN 7-5609-1157-5:¥29.00
    
●
相关链接 在E读中查询图书 在五车中查询图书 在当当中查询图书 在豆瓣中查询图书


正题名:信息技术基础     索取号:TP3-05/1456         预约/预借

序号 登录号 条形码 馆藏地/架位号 状态 备注
1 7201361   272013616   密集书库-物理学院/ [索取号:TP3-05/1456] 在馆    
唐山师范学院图书馆 欢迎您!
大连网信软件有限公司© 版权所有